[Event "ROM-chT"]
[Site "Brasov"]
[Date "2011.10.10"]
[Round "3.1"]
[White "Danilov, Ilie Vladimir"]
[Black "Marin, Mihail"]
[Result "1/2-1/2"]
[WhiteElo "2441"]
[BlackElo "2550"]
[Annotator "Marin,M"]
[PlyCount "164"]
[EventDate "2011.10.08"]
[EventType "team-tourn"]
[EventRounds "9"]
[EventCountry "ROU"]
[SourceTitle "CBM 145"]
[Source "ChessBase"]
[SourceDate "2011.11.11"]
[SourceVersion "1"]
[SourceVersionDate "2011.11.11"]
[SourceQuality "1"]
[WhiteTeam "Iasi Politehnica"]
[BlackTeam "Bucharest Apa Nova"]
[WhiteTeamCountry "ROU"]
[BlackTeamCountry "ROU"]

1. d4 e6 {Over the last year, I have been toying with this move order against
players who do not have 1.e4 in their repertoire.} 2. e4 $5 {A small surprise.
Danilov does not play 1.e4, but has nothing against the French. Fearing that
he would adopt the exchange variation, I decided to chose a more interesting
opening variation.} c5 3. d5 ({Of course, transposing to a Sicilian with} 3.
Nf3 {would have been too much for him. Although at this moment I have no
special preparation on it, I have about two decades of practice with the
Sicilian.}) 3... exd5 4. exd5 d6 5. Nc3 Nf6 6. Nf3 Be7 {I am not entirely sure
about the name of this opening. It bears some similarity with the Schmidt
Benoni, but its greatest specialist throughout history used to be the
legendary Bent Larsen.} 7. Bb5+ {Aiming to spoil Black's coordination, at the
cost of exposing the bishop slightly.} ({The main alternative is} 7. Be2) 7...
Bd7 {(!?) Whenever I get an opening surprise, I try to apply the following
process:  1) remember what I have analysed or seen  2) decide whether what I
remember makes sense.} ({I was almost certain that Larsen used to play} 7...
Nbd7 {, but over the board I could not understand how I could complete my
development. I decided to play the move I understood best in that moment,
rather than following the specialist's patterns without knowing what to do a
few moves later. After finishing my game and checking Larsen's old ones, my
conclusion is that both moves have their merits. Anyway, here is how the great
Dane used to regroup:} 8. a4 O-O 9. O-O a6 (9... Re8 10. Re1 a6 11. Bf1 {
transposes to a game in which Larsen's opponent delayed Nb1-c3:} b6 12. b3 Nf8
$1 {This knight manoeuvre is precisely what I could not remember/find over the
board when discarding 7...Nbd7.} 13. Bb2 Bb7 14. Bc4 Ng6 {Black has solved his
space problems by regrouping harmoniously. In a normal benoni, the bishop has
little to do on b7, but here the d5-pawn is not sufficiently well defended.}
15. Ne4 Nxe4 16. Rxe4 Bf8 17. Rxe8 Qxe8 18. Qd3 b5 $1 {Whenever Black manages
to make this work, he gets at least equal play.} 19. axb5 axb5 20. Bxb5 Rxa1+
21. Bxa1 Qa8 22. Bc3 Bxd5 $11 {Gligoric,S-Larsen,B/Buesum 1969/EXT 98 (1/2, 41)
}) 10. Be2 b6 11. Re1 Re8 12. Bf4 Nf8 {The same regrouping as in the previous
game.} 13. h3 Ng6 14. Bh2 Bf8 15. Bd3 Rxe1+ 16. Qxe1 Bb7 17. Qd2 Qd7 18. Bc4
Qf5 19. Re1 Re8 20. Rxe8 Nxe8 21. Qe2 Nc7 22. Qe4 Qf6 23. h4 Bc8 24. Bd3 h5 25.
Nd1 b5 $1 $132 {O'Kelly de Galway,A-Larsen,B/Palma de Mallorca 1967/EXT 98 
(0-1, 49)}) 8. O-O $6 (8. a4 {is almost automatically played.} O-O 9. O-O Na6
10. Re1 Nb4 {This looks active, but in the long run the knight may prove
unstable.} (10... Nc7 {would transpose to the main game.}) 11. Bg5 $1 {
Connected with a concrete plan.} (11. Bf4 {fails to put pressure on Black.
Unlike in the normal Benoni, the d6-pawn is safely defended.} Re8 12. h3 a6 13.
Bf1 Bf5 14. Rc1 Qd7 15. Qd2 h6 16. g4 Bh7 17. Bg2 Bf8 18. Bg3 b5 $36 {Wells,P 
(2495)-Rogers,I (2564)/Birmingham 2006/EXT 2007 (1/2, 47)}) 11... h6 12. Bxf6
Bxf6 13. Ne4 Bf5 (13... Bxb2 14. Rb1 Bxb5 15. axb5 f5 16. Ng3 Bc3 17. Re6 $36)
14. c3 $14 {Granda Zuniga,J (2615)-Szmetan,J (2400)/Buenos Aires 1992/TD (1-0,
38). It appears that the knight "activation" only led to losses of time.}) 8...
O-O $6 ({Black had no reasons to refrain from} 8... Bxb5 9. Nxb5 a6 10. Nc3 b5
{I feared that the weakness of the c4-square would tell after} 11. a4 b4 12.
Ne2 O-O 13. Bg5 {However, with the e2-knight far from any active square, Black
gets good counterplay:} Nbd7 14. Qd3 (14. a5 Ne4) 14... Nb6 15. Bxf6 Bxf6 16.
a5 Nd7 17. c3 Re8 $132) 9. Re1 Re8 (9... Na6 10. Qe2 $5 (10. Bxa6 bxa6 11. Qe2
Qb6) 10... Bxb5 11. Qxb5 $36) 10. a4 Na6 11. Bg5 Nc7 {I found preparing ...b5
more effective than displaying activity by moving to b4.} 12. Bxd7 {This helps
Black complete his development.} (12. Rxe7 {does not seem to offer sufficient
chances for an attack:} Rxe7 13. Bxf6 gxf6 14. Bxd7 Qxd7 15. Nh4 Rae8 $17) (12.
Bc4 {is an important alternative.} b6 (12... a6 {is premature:} 13. a5 $1 h6
14. Bh4 Nb5 15. Na4 $5 $14 g5 16. Bg3 Qxa5 17. Nxc5 Qb4 18. Nxd7 Nxd7 19. Bxb5
Qxb5 20. Ra3 $14) 13. Qd3 a6 14. h3 h6 15. Bh4 Nh5 (15... Qc8 16. Rxe7 Rxe7 17.
Bxf6 gxf6 18. Ne4 $40) (15... b5 $6 16. axb5 axb5 17. Rxa8 Qxa8 18. Nxb5 Nxb5
19. Bxb5 Bxb5 20. Qxb5 Nxd5 21. Bxe7 Rxe7 22. Rxe7 Nxe7 23. Qd7 $16 {It is
interesting to note that if White answers 12...a6 with the careless 13.Qd3,
the similar line without the tempo h2-h3 would work out well for Black,
because of White's back rank problems.}) 16. Rxe7 Rxe7 17. Bxe7 Qxe7 18. Re1
Qf8 $11) 12... Qxd7 13. Qd3 b6 {Calmly preparing my queenside plan.} (13... h6
14. Bxf6 Bxf6 15. Ne4 Be7 (15... Bxb2 16. Rab1 f5 17. Ned2 Rxe1+ 18. Nxe1 Bf6
19. Rxb7 $14 {From this line, we can understand the usefulness of having
played ...b6.}) 16. c3 b6 17. b4 Bf8 18. h3 cxb4 19. cxb4 Qf5 20. Rad1 $14 {
Franco Ocampos,Z (2425)-Szmetan,J (2405)/Buenos Aires 1988/EXT 97 (1-0, 34)})
14. Re2 $146 (14. Bxf6 Bxf6 15. Ne4 Bxb2 16. Rab1 f5 $1) (14. h3 a6 15. Ra2 {
Haygarth,M-Horton,M/Bristol 1968/EXT 99 (1-0, 22)} b5 $11) ({During the game,
I considered that the critical continuation is} 14. Rab1 {, preparing b2-b4. I
had decided to answer with} Rac8 {although I did not see all the tactical
nuances:} 15. h3 ({I intended to meet} 15. b4 $2 {with 15...c4, but there is
something even better:} cxb4 16. Rxb4 Nfxd5 $1 17. Nxd5 Bxg5 $17 {In this line,
it is of essential importance that the b6-square has not been weakened with ...
a6. The text move prepares this operation without fearing back rank problems.})
15... h6 16. Bh4 a6 17. b4 c4 $1 {having an extra tempo, Black can safely play
this already.} 18. Qd2 (18. Qxc4 $2 Ncxd5 $19) 18... b5 19. a5 {Preventing the
c7-knight's activation with ...N(x)b5 and hoping to transfer his own knight to
c6.} Bd8 20. Rxe8+ Nfxe8 21. Bxd8 Rxd8 22. Nd4 Nf6 23. Nc6 Re8 $132 {It is far
from clear whether the c6-knight is strong or vulnerable.}) 14... h6 $11 15.
Bh4 {(?)} a6 {(?!)} ({We both missed an incredible tactical blow:} 15... Ncxd5
{(!!)} 16. Nxd5 Nxd5 17. Qxd5 Bxh4 18. Rxe8+ Rxe8 19. Nxh4 Qxa4 $3 $17 {
Huh, one has to sense what is happening over the whole board in order to see
this coming.}) 16. Rae1 b5 $132 {Not that Black can complain in any way.} 17.
axb5 axb5 18. b3 (18. Bxf6 c4 $5 19. Qd2 (19. Rxe7 Rxe7 20. Rxe7 cxd3 21. Rxd7
Ra1+) 19... Bxf6 20. Ne4 Bxb2 21. c3 Ba3 $17) 18... b4 19. Bxf6 (19. Na4 Ncxd5
({During the game, I thought that the least I could do would be} 19... Rab8 $11
{, restricting the knight.}) 20. Bxf6 Nf4 $1 {I had not seen this.} (20... Nxf6
$2 21. Nb6 $18) 21. Rxe7 Nxd3 22. Rxd7 Nxe1 23. Bb2 Nxc2 24. Rxd6 c4 $17) 19...
Bxf6 20. Ne4 (20. Na4 Rxe2 21. Rxe2 Qb5 22. Qxb5 Nxb5 $15) 20... Be7 {Black's
regrouping is harmonious and White has to permanently worry about his d5-pawn.}
21. h3 (21. h4 {[%csl Gg4]} Bf8 22. h5 Qg4 23. Ng3 Rxe2 24. Rxe2 Ne8 $15) 21...
Bf8 {Black threatens to increase his pressure with ...Re7 and ...Rae8,
eventually followed by ...f5. White's plans are less clear, he seems to have
reached a maximum of activity, without any possibility of tactical explosion.}
22. g4 $5 (22. Nh4 Re5 23. Nxc5 Qd8 24. Rxe5 dxe5 25. d6 Qxh4 26. dxc7 Bxc5 {
During the game I thought that this would be winning, but White has not
exhausted his bullets yet.} 27. Qf5 $1 Qxf2+ 28. Qxf2 Bxf2+ 29. Kxf2 Rc8 30.
Rxe5 Rxc7 31. Re4 Rxc2+ 32. Kf1 $11) (22. Nfd2 Nb5 23. Nc4 Nd4 $132) 22... f5
23. gxf5 Qxf5 24. Nxc5 $1 Qxh3 $1 (24... Qxd3 25. Nxd3 Rxe2 26. Rxe2 Nxd5 27.
Nd4 $13) 25. Rxe8 (25. Ne6 $5) 25... Qg4+ 26. Kh1 (26. Kf1 Nxe8 27. Ne6 Qh3+
28. Kg1 Nf6 $15) 26... Qh5+ 27. Nh2 $6 (27. Kg2 Rxe8 28. Rxe8 Qxe8 $15) 27...
Rxe8 28. Rxe8 Qxe8 29. Ne4 Qf7 30. c4 bxc3 31. Nxc3 $1 Qxf2 32. b4 {Imprecise
play in time trouble has left White a clear pawn down. However, the dangerous
b-pawn ensures him chances to survive.} Na8 33. b5 Nb6 34. Nf3 Qc5 (34... Qg3
35. Qe3 (35. Ne4 Qf4) 35... g5 36. Qe6+ Kg7 37. Qf5 g4 $17) 35. Nd2 Be7 36. Qh3
Qf2 37. Nde4 Qf8 $6 (37... Qf7) 38. Kg2 Qf7 39. Qd3 Qf4 40. Qd4 Bd8 41. Ne2 Qf7
(41... Qe5 $15) 42. N2g3 Qxd5 {This leads to a draw.} ({I should have tried} 
42... Bc7 {, without fearing} 43. Nxd6 ({Actually, I was not sure how to
proceed after the calm} 43. Nc3 $5) 43... Bxd6 44. Qxb6 Qxd5+ 45. Kh3 Qd3 46.
Qd8+ Kh7 47. Qh4 Qxb5 (47... Bxg3 48. Qxg3 Qxb5 $15 {is supposed to be drawn,
according to John Nunn's latest discoveries.}) 48. Qe4+ g6 $17) 43. Qxd5+ Nxd5
44. Nxd6 Bc7 45. Nc4 g6 46. Kf3 Kf7 47. Ne4 h5 48. Ne3 Nb6 49. Ng2 Nc4 50. Nf4
Bd8 51. Kg3 Ne5 52. Kh3 Ba5 53. Ng3 Nf3 54. Ngxh5 gxh5 55. Nxh5 Nd4 56. Kg4
Nxb5 57. Ng3 Bc7 58. Ne4 Nd4 59. Ng5+ Kf6 60. Ne4+ Ke5 61. Ng5 Nc2 62. Nf3+ Kf6
63. Nd2 Ba5 64. Ne4+ Ke5 65. Ng5 Ne3+ 66. Kf3 Nf5 67. Kg4 Nh6+ 68. Kf3 Bd8 69.
Ne4 Nf5 70. Ng3 Nd4+ 71. Kg4 Ba5 72. Nh5 Bd2 73. Ng3 Be1 74. Nf1 Nf5 75. Kf3
Ba5 76. Ng3 Nd4+ 77. Kg4 Be1 78. Nf1 Nf5 79. Kf3 Kd4 80. Kf4 Ne7 81. Ng3 Nd5+
82. Kf3 Bxg3 1/2-1/2

[Event "Metz op 31th"]
[Site "Metz"]
[Date "2013.04.24"]
[Round "4"]
[White "Degraeve, Jean Marc"]
[Black "Shchekachev, Andrei"]
[Result "1/2-1/2"]
[WhiteElo "2567"]
[BlackElo "2520"]
[Annotator "Metz Alekhine/Primel,D"]
[PlyCount "74"]
[EventDate "2013.04.20"]
[EventType "swiss"]
[EventRounds "9"]
[EventCountry "FRA"]
[SourceTitle "EXT 2016"]
[Source "ChessBase"]
[SourceDate "2015.10.08"]
[SourceVersion "1"]
[SourceVersionDate "2015.10.08"]
[SourceQuality "1"]
[TimeControl "40/5400:1800+30"]
[WhiteClock "1:30:00"]
[BlackClock "1:30:00"]

1. e4 d6 2. d4 g6 3. Nc3 Bg7 4. f4 Nf6 5. Nf3 c5 6. d5 {Transpose vers une
position de Benoni mais avec un Nc3 au lieu de la poussée c4} (6. Bb5+ {
La ligne critique} Bd7 7. e5 Ng4 8. e6 (8. Bxd7+)) 6... O-O 7. Bd3 b5 $5 (7...
e6 {La grande ligne} 8. O-O exd5 (8... Na6)) (7... Qb6 $5 {[%cal Gc5c4,Gb6g1]}
8. Nd2 (8. a4 a5) 8... Bg4 {Acs,P (2606)-Ivanchuk,V (2710) EU-Cup 19th
Rethymnon 2003 (2.1) 1/2-1/2} (8... Bd7 9. Nc4)) (7... Na6 8. O-O Bg4 9. Bc4
Nd7 10. h3 Bxf3 11. Qxf3 Nc7 12. a4 Rb8 13. Bd2 a6 14. a5 b5 15. axb6 Nxb6 16.
Be2 Nb5 17. Rxa6 Nd4 18. Qd3 c4 19. Qg3 Nxc2 20. f5 Nd7 21. Bc1 Ne5 22. Qh4 Nb4
23. Ra3 Nbd3 24. Bg5 Re8 25. fxg6 hxg6 26. Bh6 Rxb2 27. Kh1 Qb6 28. Na4 Qb4 29.
Nxb2 Qxa3 30. Nd1 Qa2 {0-1 (30) Robson,R (2628)-Dominguez Perez,L (2757) St
Louis 2014}) 8. Nxb5 c4 9. Bxc4 Nxe4 10. Qe2 a6 11. Qxe4 $146 (11. Nbd4 $142 {
[%csl Gc6]} Qa5+ 12. c3 Nf6 13. O-O (13. f5) 13... Bb7 14. Qxe7) (11. Nbd4 Nf6
12. O-O Bb7 13. Kh1 Bxd5 14. Bxd5 Nxd5 15. Ne6 Qd7 16. Nxf8 Kxf8 17. c4 Nf6 18.
Bd2 Nc6 19. Bc3 Qa7 20. Rae1 Nd7 21. Qd2 Rc8 22. b3 a5 {1-0 (22) Dieu,B (2266)
-Entem,A (2135) France 2009}) 11... axb5 12. Bb3 Na6 $11 {[%cal Ga6c5]} 13. O-O
Bb7 (13... Nc5) 14. Rd1 Nc5 {Les Noirs ont un trés bon jeu} 15. Qb4 Qd7 16.
Nd4 Rfc8 17. Be3 (17. Nxb5 Na6 $44 {[%csl Rb4]}) 17... Nxb3 18. Qxb3 Rc5 19.
Nc6 Rxc6 $1 20. dxc6 Qxc6 $44 21. Rd2 Ra4 22. Re1 Re4 23. c3 Bh6 24. Qd1 Kf8
25. Rde2 e5 $6 {[%csl Rd5,Rd6]} (25... Bxf4 26. Bxf4 Rxf4 {[%csl Rg1]} 27. Qd2
e5 $36) 26. Bc1 Rxe2 27. Rxe2 Bg7 28. fxe5 (28. Qf1 $5 {[%cal Gf1g2,Gf1f8]})
28... Bxe5 29. Bh6+ Kg8 30. Qd2 $1 {[%cal Ge2e5,Gd2d8]} f6 31. Be3 Qc4 32. Bd4
Bf4 $2 (32... Bd5 33. b3 Qc6) 33. Re8+ $2 $138 (33. b3 $18) 33... Kf7 34. Qe1 (
34. Qe2 $142 $1 Qxe2 35. Rxe2) 34... Be5 35. Bxe5 Kxe8 36. Bxf6+ Qe4 37. Qxe4+
Bxe4 {[%csl Ge4,Gf6]} 1/2-1/2

[Event "Bundesliga 0203"]
[Site "Germany"]
[Date "2002.10.19"]
[Round "1.1"]
[White "Breder, Dennis"]
[Black "Hracek, Zbynek"]
[Result "0-1"]
[WhiteElo "2440"]
[BlackElo "2607"]
[Annotator "Meyer,CD"]
[PlyCount "109"]
[EventDate "2002.10.19"]
[EventType "team-tourn"]
[EventRounds "15"]
[EventCountry "GER"]
[SourceTitle "CBM 091"]
[Source "ChessBase"]
[SourceDate "2002.11.12"]
[SourceVersion "1"]
[SourceVersionDate "2002.11.12"]
[SourceQuality "1"]
[WhiteTeam "Godesberg"]
[BlackTeam "Werder Bremen"]
[WhiteTeamCountry "GER"]
[BlackTeamCountry "GER"]

1. e4 c5 2. Nf3 g6 3. d4 Bg7 {Die schärfste Fortsetzung im "Frühen Fianchetto",
worauf 4.Nc3 cxd4! 5.Nxd4 Nc6 zu den Hauptvarianten des "Beschleunigten
Drachen" und 4.d5 - wie im Text - zur Benoni-Verteidigung übergeht.} 4. d5 ({
John Nunn empfiehlt die Verwicklungen nach} 4. dxc5 $1 {, z.B. (auszugsweise
gem. "NCO")} Qa5+ 5. Nc3 Bxc3+ (5... Qxc5 6. Nd5 $1 $16) (5... Nf6 6. e5 $1 Ne4
7. Qd4 Nxc3 8. Bd2 Nb5 9. Qh4 $1 Qc7 10. Bxb5 Bxe5 11. O-O-O $18) 6. bxc3 Qxc3+
7. Bd2 Qxc5 8. Bd3 $44) 4... Nf6 5. Nc3 d6 6. Be2 O-O 7. O-O Na6 8. Bg5 $5 (8.
Bf4 {, 8.Re1, 8.h3, 8.a4}) 8... h6 9. Bf4 Nc7 10. a4 g5 $5 (10... b6 11. h3 Bb7
12. Bc4 a6 13. Re1 Kh7 14. Bh2 $14 {, V. Ikonnikov - R. Gasimov, Berliner
Sommer op 1997, remis/66}) 11. Bg3 Nh5 12. Nd2 Nxg3 13. hxg3 e6 14. Nc4 Bxc3
15. bxc3 exd5 16. exd5 f5 17. Qd2 Qf6 18. f4 g4 19. Rfb1 b6 20. Na3 Bd7 21. Nb5
Ne8 22. c4 h5 23. Kf2 Kg7 24. Rh1 Kg6 25. Nc3 Nc7 26. Nb5 Ne8 27. Rab1 Rh8 28.
Rh4 Rh7 29. Rb3 a6 30. Nc3 Qd4+ 31. Qxd4 cxd4 32. Na2 Bxa4 33. Rxb6 Bxc2 34.
Nb4 Be4 35. Rh1 a5 36. Nc6 $13 {/=} d3 (36... a4) 37. Bxd3 Nf6 38. Be2 Re8 (
38... a4) 39. Rc1 $2 $138 (39. Ra1 $142) 39... Bxg2 40. Re1 $2 $138 (40. Nd4
Be4 (40... Re4 $2 41. Ne6) 41. Rxd6 h4 42. gxh4 Rxh4 43. Re6 Rxe6 44. Nxe6 Rh3
$17) 40... Bh3 $4 $138 ({Kurz vor der ersten Zeitkontrolle ein grober Bock,
während} 40... Be4 $19 {den Vorteil verdichtet hätte, z.B.} 41. Nd4 h4 42. gxh4
Rxh4 43. Rxd6 Rh2+ 44. Ke3 (44. Kf1 g3) 44... Bxd5+ 45. Kd3 Be4+ {usw.}) 41.
Bd3 Rxe1 {[Mit einem Remisangebot Hraceks, das Breder nach etwa 50minütigem 
(!!??) Nachdenken ablehnte, um dann gleich wieder in Zeitnot zu geraten ...]}
42. Kxe1 h4 {(siehe nächstes Dia) [#]} 43. Ne5+ $3 ({Glänzend, zumal sich die
Alternative} 43. Nd4 $2 {als unergiebig entpuppt:} Re7+ 44. Kd2 $13 {/=, z.B.}
hxg3 (44... Ne4+ 45. Bxe4 Rxe4 46. Rxd6+ Kf7 47. Nxf5 hxg3 48. Nxg3 Rxc4 49.
Nh5 {ist Zugumstellung}) 45. Nxf5 Ne4+ 46. Bxe4 Rxe4 47. Nxg3 Rxc4 48. Rxd6+
Kf7 49. Nh5) 43... dxe5 (43... Kg7 44. Bxf5 $1 (44. Rxd6 $2 hxg3) 44... dxe5
45. fxe5 Rh6 46. gxh4 Nxd5 47. Rxh6 Kxh6 48. cxd5 $18) 44. fxe5 hxg3 45. Rxf6+
Kg5 46. Rxf5+ Kh4 {[#]} 47. Rf8 $4 $138 ({Ein völlig unnötiger und vitaler
Tempoverlust!} 47. e6 {(oder 47. d6, siehe nachstehend) wäre die Krönung
gewesen:} g2 (47... a4 48. Rf7 g2 (48... Rh5 49. Rh7 $18) 49. Kf2 Rh8 (49...
Rh5 50. Rh7 $18) 50. e7 Rb8 51. Kg1 $8 (51. d6 $4 Rb2+ 52. Kg1 Rd2 $19) 51...
a3 52. Rf2 g3 53. Ra2 $18) 48. Kf2 g3+ 49. Kg1 Bxf5 50. Bxf5 Rh8 51. e7 a4 52.
d6 a3 53. Bb1 $18) (47. d6 g2 48. Kf2 g3+ 49. Kg1 Bxf5 50. Bxf5 Rh8 51. e6 (51.
d7 Kg5 (51... a4 52. c5 a3 53. Be6 $18) 52. Bh3 a4 53. c5 a3 54. Be6 $18) 51...
Kg5 (51... a4 52. e7 $18 {wie gehabt}) 52. e7 Kf6 53. Bd7 Kf7 (53... Ke5 54. c5
) 54. c5 $18) 47... Rb7 (47... g2 48. Kf2 Rb7 49. Kg1 Rb3 50. Be4 a4 (50... Kg3
$2 51. Rf2) 51. Bxg2 $8 $17 {!?}) 48. Rh8+ $2 ({Nach} 48. Be4 $142 $5 {/\} g2
49. Bxg2 Bxg2 50. e6 g3 51. Kd2 $17 {ist wieder nichts Klares in Sicht.}) 48...
Kg5 $19 49. d6 (49. Be4 Kf4) 49... g2 50. Kf2 Rb2+ 51. Kg1 Rd2 52. Rg8+ Kh4 53.
Kh2 {[#]} g3+ 54. Rxg3 g1=Q+ {+} 55. Kxg1 0-1